00341 2200145 4500001002100000005001500021035002000036245004400056100002300100300001200123260002200135082001000157084001600167990001200183INLIS00000000000228920250528080403 a0010-05250005811 aBuku Pintar Toefl /cIrham Ali Saifudin0 aIrham Ali Saifudin a516 hlm bDiva Press,c2007 a025.5 a025.5 IRH b a0712597